| 000 | 01213cab a2200289 4500 | ||
|---|---|---|---|
| 001 | WB3510-34 | ||
| 008 | 090401t1999 xxu||||| |||| 00| 0 eng d | ||
| 035 | _a(Sirsi) u92002 | ||
| 041 | _aeng | ||
| 245 | _aRight to roam | ||
| 260 | _c1999 | ||
| 350 | _a0 | ||
| 490 |
_aFinancial Times _v9 March 1999, 12 |
||
| 490 |
_aTimes _v9 March 1999, 4 |
||
| 490 |
_aDaily Telegraph _v9 March 1999, 4(5) |
||
| 520 | _aThe government announced legislation on statutory rights of access to the countryside which will apply to about 4m acres of land to be designated by the Countryside Agency. Landowners will be able to close land temporarily for up to 28 days a year without prior consent. There was criticism of the appointment of Ewen Cameron, formerly president of the Country Landowners Association, as chair of the Countryside Agency which will police the legislation. | ||
| 650 | _aACCESS TO THE COUNTRYSIDE | ||
| 650 | _aCOUNTRY LANDOWNERS ASSOCIATION | ||
| 650 | _aCOUNTRYSIDE AGENCY | ||
| 650 | _aEWEN CAMERON | ||
| 650 | _aRAMBLERS` ASSOCIATION | ||
| 650 | _aRIGHT OF ACCESS | ||
| 650 | _aRIGHT TO ROAM | ||
| 690 | _aHIGHWAYS RIGHTS OF WAY AND EASEMENTS | ||
| 942 | _n0 | ||
| 948 | _c11/03/1999 | ||
| 999 |
_c58342 _d58342 |
||